有情有義眷村行 : 眷村徵文作品集
| 資料類型: | 圖書 | 書目號: | 25330 |
Leader xxxxxxxxxx 001 __ PCLIS00025330 005 __ 20210901152155.0 010 0_ |a957-00-9808-2|b平裝 022 __ |atw|b030602860221 100 __ |a20001030d1997 m 0chiy09 e 101 0_ |achi 102 __ |atw 200 1_ |a有情有義眷村行|e眷村徵文作品集|f潘國正編 205 __ |a初版 210 __ |a新竹市|c新北市立文化中心|d民86[1997] 215 0_ |a320面|d21公分 301 __ |a030602860221 681 __ |a863.55|b8354 681 __ |a855|b8354 700 _1 |a潘|b國正|4編 801 _0 |atw|b內湖高中|c20010622|gCCR |